000 00566nam a2200205Ia 4500
001 10374
003 GE_BSU
008 181216s||||||||xx |||||||||||||| ||und||
040 _cGE_BSU
080 _a821.353.1–32
100 _aტატიშვილი,იოსებ
245 _aმოთხრობები.
245 _cრედ.ი.ურუშაძე.
260 _aთბილისი
260 _bფედერაცია
260 _c1941
300 _a265გვ.14სმ.
653 _aმოთხრობები.
942 _cBK
999 _c43639
_d43639